| 000 | 00762nam a2200229Ii 4500 | ||
|---|---|---|---|
| 003 | JO-AjNU | ||
| 008 | 230605s9999||||xx |||||||||||||| ||und|| | ||
| 017 | _a2003/5/956 | ||
| 020 | _a9957-32-022-X | ||
| 040 |
_aJO-AjNU _bara _erda _cJO-AjNU |
||
| 041 | _aara | ||
| 050 | 1 | 4 | _aK923.M8428.2003 |
| 100 | 3 |
_a المحمدي ، ذنون يونس , _eauthor _937158 |
|
| 245 | 0 | 0 | _aالمسؤلية المدنية الناجمة عن زرع الالغام |
| 250 | _aط1 | ||
| 264 | 3 | 1 | _aعمان : دار الحامد ، 2003 |
| 300 | _a341ص | ||
| 336 |
_atext _btxt _2rdacontent |
||
| 337 |
_aunmediated _bn _2rdamedia |
||
| 338 |
_avolume _bnc _2rdacarrier |
||
| 650 | 4 |
_aالالغام الارضية -- البقايا المدية للحروب _937159 |
|
| 999 |
_aA15501 _c19069 _d19069 |
||